Eckard's Principles of Civil Procedure in the Magistrates' Courts / (Record no. 1312)

MARC details
000 -LEADER
fixed length control field 00587nam a22001817a 4500
005 - DATE AND TIME OF INPUT
control field 20240131084956.0
008 - DATA ELEMENTS--GENERAL INFORMATION
fixed length control field 240131b |||||||| |||| 00| 0 eng d
020 ## - INTERNATIONAL STANDARD BOOK NUMBER
International Standard Book Number 9781485133636
041 ## - LANGUAGE CODE
Language code of text English
082 ## - SHELF NUMBER
DDC number 347.1 ECK
100 ## - MAIN AUTHOR
Main author's name Broodryk, T
Language of a work English
245 ## - TITLE STATEMENT
Title Eckard's Principles of Civil Procedure in the Magistrates' Courts /
Statement of responsibility, etc. T Broodryk
250 ## - EDITION STATEMENT
Edition statement Sixth Edition
260 ## - PUBLICATION, DISTRIBUTION, ETC.
Place of publication, distribution, etc. Cape Town :
Name of publisher, distributor, etc. Juta and Company (Pty) Ltd,
Date of publication, distribution, etc. 2019
300 ## - PHYSICAL DESCRIPTION
Other physical details lxv, 372 pages ;
Dimensions 25,5 cm.
650 ## - SUBJECT`
Broad subject Legal practice
Own subject terms Law
942 ## - ADDED ENTRY ELEMENTS (KOHA)
Item type Books
942 ## - ADDED ENTRY ELEMENTS (KOHA)
-- ALISON_BN_VRIES
Holdings
Source of classification or shelving scheme Not for loan Collection code Home library Current library Shelving location Date acquired Full call number Barcode Price effective from Koha item type
Dewey Decimal Classification   TEXT BOOKS LAW SOCIETY OF NAMIBIA LIBRARY - WINDHOEK LAW SOCIETY OF NAMIBIA LIBRARY - WINDHOEK Civil Procedure and Court 01/31/2024 347.1 ECK LSN/2022/17 01/31/2024 Books